Top 100 Universities in the United States - Statistics

General Stats
  • This quiz has been taken 168 times
  • The average score is 56 of 104
Answer Stats
State Metro City/Borough University Rank % Correct
Massachusetts Boston Cambridge Harvard 3
98%
Connecticut New Haven New Haven Yale 5
95%
Pennsylvania Philadelphia Philadelphia University of Pennsylvania 6
93%
Rhode Island Providence Providence Brown 9
92%
Massachusetts Boston Cambridge Massachusetts Institute of Technology 2
91%
California Los Angeles Westwood University of California, Los Angeles 15
89%
New Jersey New York/Philadelphia --- Princeton 1
88%
California San Francisco --- Stanford 3
87%
New York New York Manhattan Columbia 12
85%
New York Ithaca Ithaca Cornell 12
83%
Illinois Chicago Hyde Park University of Chicago 12
83%
Georgia Athens Athens University of Georgia 47
83%
New Hampshire Lebanon Hanover Dartmouth 18
81%
Washington Seattle University District University of Washington 40
80%
Illinois Chicago Evanston Northwestern 9
79%
Illinois --- Near West Side University of Illinois - Chicago 82
79%
Virginia Charlottesville Charlottesville University of Virginia 24
79%
Missouri St. Louis St. Louis Washington 24
79%
Massachusetts Newton Chestnut Hill Boston College 39
78%
North Carolina Raleigh Durham Duke 7
78%
Florida Gainesville Gainesville University of Florida 28
78%
Tennessee Nashville Midtown Vanderbilt 18
77%
Massachusetts --- Fenway Boston University 43
76%
Wisconsin --- --- University of Wisconsin - Madison 35
76%
New York New York Manhattan New York University 35
75%
Michigan Ann Arbor Ann Arbor University of Michigan - Ann Arbor 21
75%
Ohio Columbus University District Ohio State University 43
73%
District of Columbia Washington Northwest Washington Georgetown 22
72%
Georgia Atlanta Midtown Georgia Institute of Technology 33
72%
Indiana South Bend South Bend Notre Dame 20
72%
Texas --- --- University of Texas at Austin 32
71%
California San Francisco --- University of California, Berkeley 15
70%
California Los Angeles Pasadena California Institute of Technology 7
69%
Texas Houston University Place Rice 17
69%
Texas College Station College Station Texas A&M 47
67%
Maryland Washington --- University of Maryland - College Park 46
64%
Minnesota Minneapolis Minneapolis University of Minnesota - Twin Cities 53
64%
Maryland Baltimore Baltimore Johns Hopkins 9
62%
Oregon Eugene Eugene University of Oregon 98
62%
California Los Angeles South Los Angeles University of Southern California 28
62%
Indiana --- --- Indiana University - Bloomington 73
61%
Pennsylvania State College --- Pennsylvania State University - University Park 60
61%
Georgia Atlanta Druid Hills Emory 24
60%
California Los Angeles --- University of California, Irvine 33
60%
Connecticut Mansfield Storrs University of Connecticut 58
60%
Indiana Lafayette West Lafayette Purdue 43
59%
Massachusetts Northampton --- University of Massachusetts - Amherst 67
59%
Virginia Blacksburg Blacksburg Virginia Tech 47
59%
Iowa Iowa City Iowa City University of Iowa 93
58%
Florida --- Coral Gables University of Miami 67
58%
Pennsylvania Pittsburgh Squirrel Hill Carnegie Mellon 24
57%
Florida Tallahassee Tallahassee Florida State University 53
57%
California --- Isla Vista University of California, Santa Barbara 35
57%
Michigan Lansing East Lansing Michigan State University 60
55%
California Sacramento --- University of California, Davis 28
55%
North Carolina Raleigh --- University of North Carolina at Chapel Hill 22
55%
Massachusetts Boston Fenway Northeastern 53
54%
District of Columbia Washington Foggy Bottom George Washington University 67
53%
Louisiana New Orleans Uptown Tulane 73
53%
Virginia Newport News Williamsburg William & Mary 53
53%
California San Diego La Jolla University of California, San Diego 28
51%
North Carolina Greensboro Winston-Salem Wake Forest 47
51%
Massachusetts Boston Medford Tufts 40
50%
California --- --- University of San Diego 98
50%
Pennsylvania --- Oakland University of Pittsburgh 67
49%
Delaware Philadelphia Newark University of Delaware 76
43%
Pennsylvania Philadelphia North Philadelphia Temple 89
42%
Ohio Cleveland University Circle Case Western Reserve 53
41%
New York --- --- Syracuse University 67
41%
California San Bernardino/--- University University of California, Riverside 76
41%
New York --- --- University of Rochester 47
41%
North Carolina Raleigh West Raleigh North Carolina State University 60
40%
Texas Waco Waco Baylor 93
39%
South Carolina --- --- Clemson 86
38%
Illinois --- --- University of Illinois Urbana-Champaign 35
38%
Alabama --- --- Auburn 93
37%
Massachusetts Boston Waltham Brandeis 60
36%
Pennsylvania Allentown Bethlehem Lehigh 47
36%
California Los Angeles Malibu Pepperdine 76
35%
New York --- Getzville University at Buffalo - SUNY 76
35%
Texas Dallas Fort Worth Texas Christian University 98
34%
California Los Angeles Westchester Loyola Marymount 93
32%
Pennsylvania Philadelphia Philadelphia Drexel 98
31%
New York New York The Bronx Fordham 89
31%
Washington Spokane Spokane Gonzaga 93
31%
Pennsylvania Philadelphia --- Villanova 67
31%
California --- --- University of California, Santa Cruz 82
30%
Florida Tampa Uptown University of South Florida 89
30%
Wisconsin Milwaukee Avenues West Marquette 86
28%
New York New York Long Island Stony Brook University - SUNY 58
28%
Colorado Denver Golden Colorado School of Mines 76
27%
Texas Dallas Park Cities Southern Methodist 89
27%
California --- --- University of California, Merced 60
24%
New York --- --- Binghamton University - SUNY 73
23%
New Jersey New York Newark New Jersey Institute of Technology 86
23%
New Jersey New York ---/Piscataway Rutgers University - New Brunswick 40
20%
New York Albany Troy Rensselaer Polytechnic Institute 60
18%
California San Jose --- Santa Clara University 60
17%
New Jersey New York Hoboken Stevens Institute of Technology 76
17%
New Jersey New York --- Rutgers University - Newark 82
16%
Massachusetts --- --- Worcester Polytechnic Institute 82
14%
New Jersey Philadelphia --- Rutgers University - Camden 98
12%
New York --- --- Rochester Institute of Technology 98
11%
Illinois Chicago Bronzeville Illinois Institute of Technology 98
7%
No matching quizzes found
Score Distribution
Percent of People with Each Score
Percentile by Number Answered
Your Score History
You have not taken this quiz